| 000 | 00929cam0 22002771ib4500 | ||
|---|---|---|---|
| 001 | BY-MI0004-br13814 | ||
| 005 | 20260319120649.0 | ||
| 035 | ^a(BY-MI0004)BY-MI0004-br13814 | ||
| 100 | ^a20130715d1991 y0rusy50 ca | ||
| 101 | 0 | ^arus | |
| 102 | ^aRU | ||
| 105 | ^aa z 000yy | ||
| 200 | 1 |
^aЩур ^eРассказы ^fЕвгений чарушин |
|
| 210 |
^aЛенинград ^cДет.лит. ^d1991 |
||
| 215 | ^a32с. | ||
| 225 | 0 | ^aЧитаем сами0 | |
| 610 | 0 | ^aДЕТСКАЯ ЛИТЕРАТУРА | |
| 610 | 0 | ^aДЗIЦЯЧАЯ ЛIТАРАТУРА | |
| 686 |
^a84(2Рос=Рус)6 ^v2 ^2rubbk |
||
| 690 |
^a1 ^2Base ^9BY-MI0004 ^xRSEK |
||
| 700 | 1 |
^aЧарушин ^bЕ. И. |
|
| 801 | 0 |
^aBY ^bBY-MI0004 ^c20130715 ^gpsbo |
|
| 801 | 2 |
^aBY ^bBY-MI0004 ^c20260309 ^gpsbo |
|
| 899 |
^aBY-MI0004 ^h84(2Рос=Рус)6 ^iЧ-23 |
||